[Event "FIDE World Rapid Team"]
[Site "Almaty KAZ"]
[Date "2024.08.03"]
[Round "7.8"]
[White "Eljanov,P"]
[Black "Wei Yi"]
[Result "0-1"]
[WhiteElo "2672"]
[BlackElo "2762"]

1.d4 Nf6 2.c4 g6 3.g3 c6 4.Bg2 d5 5.Nf3 Bg7 6.O-O O-O 7.Qa4 Nbd7 8.cxd5 Nb6
9.Qb3 Qxd5 10.Qb4 Qd6 11.Qe1 Bg4 12.Nbd2 Rad8 13.h3 Bxf3 14.Nxf3 Qe6 15.b3 Ne4
16.Bb2 c5 17.e3 Nd5 18.Qe2 Nec3 19.Qd3 cxd4 20.Nxd4 Bxd4 21.exd4 Qe2 22.Qxe2 Nxe2+
23.Kh2 e6 24.Bf3 Nec3 25.a4 b5 26.axb5 Nxb5 27.Ra5 Rb8 28.Rc1 Rb6 29.Bxd5 exd5
30.Rc5 Rfb8 31.Rxd5 Nc7 32.Rd7 Rxb3 33.Ba1 R3b7 34.d5 Nb5 35.Rxb7 Rxb7 36.Bf6 Kf8
37.Ra1 Nc7 38.Rc1 Ke8 39.Re1+ Kd7 40.Re7+ Kc8 41.Rxf7 Nxd5 42.Rf8+ Kd7 43.Bd4 Ke6
44.Ra8 Nb6 45.Rh8 Kd5 46.Be3 Nc4 47.Rd8+ Ke6 48.Bc5 a5 49.Rd4 Rb5 50.Rxc4 Kd5
51.Rh4 Kxc5 52.Rxh7 a4 53.Ra7 Kb4 54.h4 a3 55.g4 Ra5 56.Rb7+ Kc3 57.Rb1 a2
58.Ra1 Kb2 59.Re1 a1=Q 60.Rxa1 Rxa1 61.Kg3 Kc3 62.h5 gxh5 63.gxh5 Kd4 64.Kg4 Ke5  0-1

[Event "FIDE World Rapid Team"]
[Site "Almaty KAZ"]
[Date "2024.08.04"]
[Round "9.14"]
[White "Svidler,P"]
[Black "Wei Yi"]
[Result "1/2-1/2"]
[WhiteElo "2698"]
[BlackElo "2762"]

1.c4 Nf6 2.Nc3 e5 3.g3 Bb4 4.Bg2 O-O 5.e4 Bxc3 6.bxc3 Re8 7.Ne2 c6 8.O-O d5
9.exd5 cxd5 10.cxd5 Nxd5 11.c4 Nb4 12.d4 exd4 13.Nxd4 N8c6 14.Nxc6 Qxd1 15.Rxd1 Nxc6
16.Be3 Bf5 17.Rd5 Be4 18.Rb5 Bxg2 19.Kxg2 b6 20.c5 Re5 21.Rab1 bxc5 22.Rxc5 Rxc5
23.Bxc5 h5 24.Rb7 a5 25.Rc7 Nb4 26.a3 Nd3 27.Be3 Rd8 28.h3 f6 29.Kf3 Re8
30.Bd2 a4 31.Ra7 Ne5+ 32.Kg2 Rd8 33.Bc3 Rd3 34.Bxe5 fxe5 35.Rxa4 e4 36.Kf1 e3
37.f3 Rd2 38.Ke1 Ra2 39.g4 hxg4 40.hxg4 Kf7 41.f4 Rg2 42.f5 Kf6 43.Ra6+ Kf7
44.Ra4 Kf6 45.Re4 Kg5 46.Rxe3 Kxg4 47.Re5 Kf4 48.Ra5 Rg5 49.Kf2 Rxf5  1/2-1/2

[Event "FIDE World Rapid Team"]
[Site "Almaty KAZ"]
[Date "2024.08.04"]
[Round "10.14"]
[White "Wei Yi"]
[Black "Yakubboev,Nodirbek"]
[Result "1-0"]
[WhiteElo "2762"]
[BlackElo "2655"]

1.e4 e5 2.Nf3 Nc6 3.Bc4 Bc5 4.d3 d6 5.a4 Nf6 6.a5 a6 7.c3 h6 8.O-O O-O 9.b4 Ba7
10.Be3 Bxe3 11.fxe3 Be6 12.Bxe6 fxe6 13.Nbd2 d5 14.Qb3 Kh8 15.Rad1 Qe7 16.Qb1 dxe4
17.dxe4 b5 18.Nb3 Nd7 19.Rd2 Rae8 20.Qe1 Rf7 21.Qg3 Ref8 22.Rfd1 Ncb8 23.Nh4 Rf6
24.Ng6+ Rxg6 25.Qxg6 Rf6 26.Qg3 Kh7 27.Rf2 Rg6 28.Qf3 Rf6 29.Qe2 Rg6 30.g3 c5
31.bxc5 Nxc5 32.Nxc5 Qxc5 33.Rd8 Nc6 34.Re8 Nxa5 35.Rff8 Rg5 36.Rh8+ Kg6
37.Rxe6+ Kf7 38.Rhe8 Rg6 39.Qf3+ Rf6 40.Qh5+ g6 41.Rxf6+ Kxf6 42.Qf3+ Kg7
43.Re6  1-0

[Event "FIDE World Rapid Team"]
[Site "Almaty KAZ"]
[Date "2024.08.04"]
[Round "11.14"]
[White "Amangeldy,Ernur"]
[Black "Wei Yi"]
[Result "0-1"]
[WhiteElo "2274"]
[BlackElo "2762"]

1.d4 g6 2.e4 Bg7 3.Nc3 a6 4.Be3 b5 5.Nf3 Bb7 6.Bd3 d6 7.h4 Nf6 8.e5 dxe5
9.dxe5 Ng4 10.e6 fxe6 11.Qe2 Bd5 12.a3 Nc6 13.h5 gxh5 14.Rxh5 Bxc3+ 15.bxc3 Nf6
16.Rh4 Rg8 17.g3 Bxf3 18.Qxf3 Ne5 19.Qe2 Qd5 20.O-O-O Qa2 21.Bc5 Rg5 22.Rd4 Nxd3+
23.R1xd3 Rxc5 24.Qf3 Rd5 25.Rxd5 Qxa3+ 26.Kd2 exd5 27.Qf5 Qd6 28.g4 Qd7 29.Qe5 Qxg4
30.Qxc7 Rc8  0-1

[Event "FIDE World Rapid Team"]
[Site "Almaty KAZ"]
[Date "2024.08.04"]
[Round "12.14"]
[White "Gareev,T"]
[Black "Wei Yi"]
[Result "0-1"]
[WhiteElo "2541"]
[BlackElo "2762"]

1.d4 Nf6 2.Nf3 d5 3.c4 e6 4.Qc2 dxc4 5.Qxc4 a6 6.Bg5 b5 7.Qc2 Nbd7 8.e3 Bb7
9.Be2 c5 10.O-O Rc8 11.Qd1 Be7 12.a4 b4 13.Nbd2 h6 14.Bh4 O-O 15.a5 cxd4
16.Nxd4 Nc5 17.Nc4 Nd5 18.Bg3 Ne4 19.Qb3 Nxg3 20.hxg3 Bc5 21.Rfd1 Qe7 22.Bf3 Rfd8
23.Rac1 Ba7 24.Ne5 Qd6 25.Nd3 Rxc1 26.Rxc1 Nxe3 27.Bxb7 Qxd4 28.Bxa6 Qe4
29.Nf4 Ng4 30.Nh3 Rd2 31.Qf3 Nxf2 32.Qxe4 Nxe4+ 33.Kh2 g5 34.Rc7 Bd4 35.Bb7 Nf6  0-1

[Event "FIDE World Bl Team Final"]
[Site "Almaty KAZ"]
[Date "2024.08.05"]
[Round "1.1"]
[White "Wei Yi"]
[Black "Suleyev,Alen"]
[Result "1-0"]
[WhiteElo "2762"]
[BlackElo "2084"]

1.e4 Nf6 2.e5 Nd5 3.d4 d6 4.Nf3 Nb6 5.Be2 dxe5 6.Nxe5 g6 7.c4 Bg7 8.O-O O-O
9.Nc3 N8d7 10.Nxf7 Rxf7 11.c5 Kh8 12.Be3 Nf6 13.cxb6 axb6 14.Bc4 Rf8 15.h3 c6
16.a4 Bf5 17.Re1 Qd7 18.Bf4 Rad8 19.Be5 Nd5 20.Nxd5 cxd5 21.Bb5 Qc8 22.Rc1 Qa8
23.Bxg7+ Kxg7 24.Rxe7+ Rf7 25.Qe1 Rf8 26.Rxf7+ Rxf7 27.Be8  1-0

[Event "FIDE World Bl Team Final"]
[Site "Almaty KAZ"]
[Date "2024.08.05"]
[Round "1.2"]
[White "Suleyev,Alen"]
[Black "Wei Yi"]
[Result "1/2-1/2"]
[WhiteElo "2084"]
[BlackElo "2762"]

1.d4 Nf6 2.c4 e6 3.Nc3 Bb4 4.a3 Bxc3+ 5.bxc3 b6 6.e3 Nc6 7.Bd3 Na5 8.e4 d6
9.Bg5 h6 10.Bh4 g5 11.Bg3 Ba6 12.Ne2 Qd7 13.O-O Bxc4 14.f4 Nh5 15.a4 O-O-O
16.Bxc4 Nxc4 17.Qd3 d5 18.a5 Kb7 19.fxg5 hxg5 20.exd5 exd5 21.Rf5 f6 22.Raf1 Nxa5
23.c4 Nxc4 24.Nc3 c6 25.Rb1 Nxg3 26.hxg3 Rde8 27.Rxf6 Re3 28.Qg6 Rhe8 29.Rc1 g4
30.Qh5 Re1+ 31.Rxe1 Rxe1+ 32.Kf2 Re7 33.Ne2 Nd2 34.Rf4 Ne4+ 35.Kg1 Rh7 36.Qg6 Re7
37.Rf8 Nd6 38.Nf4 Re8 39.Rf6 Ne4 40.Rf7 Re7 41.Rf8 Nxg3 42.Qg8 Ka6 43.Qh8 Ne4
44.Qh4 Rf7 45.Rxf7 Qxf7 46.Qxg4 Qf6 47.Ne2 Qf2+ 48.Kh2 Kb5 49.Nf4 Qxd4 50.Qe2+ Qc4
51.Qb2+ Qb4 52.Qe2+ Qc4 53.Qb2+ Ka4 54.Ne6 c5 55.Qa1+ Kb3 56.Qb1+ Ka3 57.Qa1+ Kb4
58.Nc7 Nc3 59.Qxa7 Qf4+ 60.g3 Qf2+ 61.Kh1 Qf3+ 62.Kh2 Na4 63.Qa6 Qf2+ 64.Kh1 Qe1+
65.Kh2 Qd2+ 66.Kh3 c4 67.Qb5+ Ka3 68.Nxd5 Qa5 69.Qxc4 Qc5 70.Nxb6 Qxb6 71.Qd3+ Ka2
72.Qc4+ Ka3 73.Qd3+ Kb2 74.Qd2+ Kb3 75.Qd1+ Kb4  1/2-1/2

[Event "FIDE World Bl Team Pool C"]
[Site "Almaty KAZ"]
[Date "2024.08.05"]
[Round "1.2"]
[White "Vokhidov,Shamsiddin"]
[Black "Wei Yi"]
[Result "0-1"]
[WhiteElo "2643"]
[BlackElo "2762"]

1.e4 e5 2.Nf3 Nc6 3.Bc4 Bc5 4.c3 Nf6 5.d4 exd4 6.cxd4 Bb4+ 7.Nbd2 d5 8.exd5 Nxd5
9.O-O O-O 10.a3 Bxd2 11.Bxd2 Nb6 12.Ba2 Bg4 13.Be3 Qf6 14.Rc1 Rad8 15.Bg5 Qxg5
16.Nxg5 Bxd1 17.Rfxd1 Nxd4 18.Nxf7 Ne2+ 19.Kf1 Nxc1 20.Nxd8+ Nxa2 21.Nxb7 Nc4
22.Rd7 Nc1 23.Rxc7 Nb3 24.Ke2 Nxb2 25.Nd6 Nd4+ 26.Ke3 Nf5+ 27.Nxf5 Rxf5 28.Rxa7 Nd1+
29.Ke2 Nxf2 30.a4 Ng4 31.a5 Rf2+ 32.Kd3 Rxg2 33.a6 Ra2 34.h3 Ne5+ 35.Ke4 Nc6
36.Ra8+ Kf7 37.h4 h6 38.h5 Nb4 39.a7 Nc6 40.Rc8 Ra4+  0-1

[Event "FIDE World Bl Team Final"]
[Site "Almaty KAZ"]
[Date "2024.08.05"]
[Round "2.2"]
[White "Wei Yi"]
[Black "Artemiev,V"]
[Result "1/2-1/2"]
[WhiteElo "2762"]
[BlackElo "2699"]

1.Nf3 Nf6 2.c4 c6 3.Nc3 d5 4.e3 e6 5.b3 Bd6 6.Bb2 O-O 7.h3 Nbd7 8.Qc2 e5
9.cxd5 Nxd5 10.a3 Nxc3 11.Bxc3 Qe7 12.Be2 e4 13.Nd4 Nf6 14.b4 Bd7 15.g4 Nd5
16.Bb2 a5 17.b5 c5 18.Nf5 Bxf5 19.gxf5 Be5 20.Rc1 Rac8 21.Rg1 Qf6 22.Bxe5 Qxe5
23.Bc4 Nf6 24.Qc3 Qxf5 25.Rg3 b6 26.Ke2 Qh5+ 27.Kf1 Qf5 28.Kg2 Nh5 29.Rg4 g6
30.Rf1 Rce8 31.f3 exf3+ 32.Rxf3 Qe5 33.Qxe5 Rxe5 34.d4 cxd4 35.Rxd4 Rc5 36.Bd3 Ng7
37.Rd6 Rc3 38.a4 Ne8 39.Rd7 Ng7 40.Be4 Rc1 41.Bd5 Nf5 42.Kf2 Rc2+ 43.Ke1 Rc3
44.Kf2 Rc2+ 45.Ke1 Rfc8 46.Rxf7 Rc1+ 47.Kd2 Kh8 48.Bc6 Ra1 49.e4 Ra2+ 50.Kc1 Nd4
51.Rf8+ Rxf8 52.Rxf8+ Kg7 53.Rb8 Rxa4 54.Rxb6 Rb4 55.Ra6 a4 56.Kd2 Nxb5 57.Rb6 a3
58.Bxb5 a2 59.Ra6 Rxb5 60.Rxa2 Rb3 61.Ra7+ Kh6 62.e5 Rxh3 63.e6 Rh5 64.Kd3 Re5
65.Re7 Kg5 66.Kd4 Kf6 67.Rf7+ Kxe6 68.Rxh7 Re1 69.Rh2 g5 70.Rf2 Re5 71.Rg2 Kf6
72.Rf2+ Ke6 73.Rg2 Ra5 74.Ke4 Ra4+ 75.Kf3 Kf5 76.Rb2 Ra3+ 77.Kg2 Kg4 78.Rb1 Ra2+
79.Kg1 Re2 80.Ra1 Kf3 81.Rf1+ Kg3 82.Ra1 Re3 83.Rf1 g4 84.Ra1 Re2 85.Ra3+ Kf4
86.Rb3 Re3 87.Rxe3 Kxe3 88.Kg2 g3 89.Kxg3  1/2-1/2

[Event "FIDE World Bl Team Final"]
[Site "Almaty KAZ"]
[Date "2024.08.05"]
[Round "2.3"]
[White "Artemiev,V"]
[Black "Wei Yi"]
[Result "1-0"]
[WhiteElo "2699"]
[BlackElo "2762"]

1.d4 Nf6 2.c4 g6 3.g3 c6 4.Bg2 d5 5.cxd5 cxd5 6.Nc3 Bg7 7.Nf3 O-O 8.Ne5 Bf5
9.Bf4 Ne4 10.Rc1 Nc6 11.Nxc6 bxc6 12.O-O Qb6 13.Nxe4 dxe4 14.e3 Qxb2 15.Qc2 Qxc2
16.Rxc2 Rfe8 17.Rc5 f6 18.Bc7 e5 19.dxe5 fxe5 20.Rxc6 Rac8 21.Rfc1 Re7 22.h3 h5
23.g4 hxg4 24.hxg4 Bxg4 25.Bxe4 Bf5 26.Bd5+ Kh7 27.Kg2 Bh6 28.Bd6 Rxc6 29.Rxc6 Re8
30.e4 Be6 31.Rc7+ Bg7 32.Bxe6  1-0

[Event "FIDE World Bl Team Final"]
[Site "Almaty KAZ"]
[Date "2024.08.05"]
[Round "2.1"]
[White "Artemiev,V"]
[Black "Wei Yi"]
[Result "1-0"]
[WhiteElo "2699"]
[BlackElo "2762"]

1.Nf3 d5 2.d4 Nf6 3.c4 e6 4.Nc3 c5 5.cxd5 cxd4 6.Qxd4 exd5 7.Bg5 Be7 8.Qd2 O-O
9.Bxf6 Bxf6 10.Nxd5 Bxb2 11.Rd1 Ba3 12.g3 Nc6 13.Bg2 Be6 14.O-O Bxd5 15.Qxd5 Qxd5
16.Rxd5 Rad8 17.Rb5 b6 18.e3 Bc5 19.Rb2 Nb4 20.Ng5 Nd3 21.Rd2 h6 22.Nf3 Ne5
23.Rfd1 Nxf3+ 24.Bxf3 Rxd2 25.Rxd2 Re8 26.Bc6 Re7 27.Rd8+ Kh7 28.Kg2 g5 29.e4 Kg7
30.f4 gxf4 31.gxf4 Re6 32.Bd5 Rd6 33.Rc8 Rd7 34.Bb3 Rd2+ 35.Kg3 Rd7 36.Kg4 Be3
37.Kf3 Bc5 38.e5 Re7 39.Ke4 Rd7 40.f5 Rd4+ 41.Kf3 Rd3+ 42.Kg4 h5+ 43.Kxh5 Rh3+
44.Kg4 Rc3 45.f6+ Kg6 46.Rg8+ Kh7 47.Rg7+ Kh6 48.Rxf7 Bd4 49.e6 Kg6 50.e7  1-0

[Event "FIDE World Bl Team Pool C"]
[Site "Almaty KAZ"]
[Date "2024.08.05"]
[Round "2.2"]
[White "Wei Yi"]
[Black "Bugubayev,Satzhan"]
[Result "1-0"]
[WhiteElo "2762"]
[BlackElo "1411"]

1.d4 d5 2.c4 Nf6 3.cxd5 Nxd5 4.e4 Nf6 5.Nc3 e6 6.Nf3 Bb4 7.Bd3 O-O 8.e5 Nd5
9.O-O Bxc3 10.bxc3 f6 11.c4 Nb4 12.Bb1 f5 13.d5 exd5 14.Bg5 Qd7 15.a3 N4c6
16.cxd5 Nd8 17.Ba2 Kh8 18.e6 Nxe6 19.dxe6 Qxd1 20.Raxd1 Re8 21.e7 Nc6 22.Bf7 Be6
23.Bxe6 Nxe7 24.Ne5  1-0

[Event "FIDE World Bl Team Pool C"]
[Site "Almaty KAZ"]
[Date "2024.08.05"]
[Round "3.1"]
[White "Wei Yi"]
[Black "Bologan,V"]
[Result "1-0"]
[WhiteElo "2762"]
[BlackElo "2598"]

1.Nf3 d6 2.e4 Nf6 3.Nc3 e5 4.Bc4 Be7 5.d3 O-O 6.O-O Nc6 7.a4 Bg4 8.h3 Bh5
9.Be3 Nd4 10.Bxd4 exd4 11.Nd5 Nxd5 12.Bxd5 c6 13.Bb3 Bf6 14.g4 Bg6 15.Nd2 h6
16.f4 Bh7 17.Nf3 g5 18.Qd2 Kg7 19.Rae1 gxf4 20.Qxf4 Qe7 21.e5 dxe5 22.Nxe5 Qd6
23.Nd7 Qxf4 24.Rxf4 Bg5 25.Rf3 Be3+ 26.Kg2 Rad8 27.Nxf8 Rxf8 28.Rfxe3 dxe3
29.Rxe3 Kf6 30.Kg3 Bg6 31.Kf4 Rd8 32.Kg3 Rd4 33.Bc4 Rd8 34.c3 c5 35.Kf4 b6
36.h4 h5 37.g5+ Kg7 38.Re7 a5 39.Ke5 Bxd3 40.Rxf7+ Kh8 41.Bxd3 Rxd3 42.Kf5 Rd2
43.Rb7 Rxb2 44.Ke4  1-0

[Event "FIDE World Bl Team Pool C"]
[Site "Almaty KAZ"]
[Date "2024.08.05"]
[Round "4.1"]
[White "Utegaliyev,A"]
[Black "Wei Yi"]
[Result "0-1"]
[WhiteElo "2418"]
[BlackElo "2762"]

1.e4 c5 2.Nc3 d6 3.g3 Nc6 4.Bg2 g6 5.Nge2 Bg7 6.d3 Nf6 7.O-O O-O 8.h3 Rb8
9.f4 Bd7 10.g4 b5 11.Ng3 b4 12.Nce2 Ne8 13.f5 Nc7 14.g5 a5 15.Rb1 a4 16.Be3 Nb5
17.Qd2 a3 18.b3 Ncd4 19.h4 d5 20.Nxd4 cxd4 21.Bf4 dxe4 22.dxe4 Nc3 23.Ra1 e5
24.f6 exf4 25.fxg7 Kxg7 26.Qxd4+ Kg8 27.Rxf4 Qb6 28.e5 Rfe8 29.Kh2 Qxd4 30.Rxd4 Bf5
31.Ne4 Bxe4 32.Bxe4 Rxe5 33.Bd3 Rd5 34.Rf4 Rb7 35.Kg3 Kg7 36.Kg2 Re5 37.Kf2 h6
38.gxh6+ Kxh6 39.Kg2 f5 40.Kg3 Nd5 41.Rd4 Nc3 42.Rf4 Rb6 43.Kg2 Rd5 44.Kh2 Rdd6
45.Kg2 Nd5 46.Rf3 Re6 47.Kf2 Re5 48.Rh1 Nc3 49.Ra1 Rc6 50.Rf4 Ne4+ 51.Kg2 Rc3
52.Re1 g5 53.hxg5+ Kxg5 54.Rf3 Rcc5 55.Bxe4 Rxe4 56.Rg3+ Kf6 57.Rc1 Re2+
58.Kf3 Rexc2 59.Rxc2  0-1

[Event "FIDE World Bl Team Pool C"]
[Site "Almaty KAZ"]
[Date "2024.08.05"]
[Round "5.2"]
[White "Akhilbay,Imangali"]
[Black "Wei Yi"]
[Result "0-1"]
[WhiteElo "2279"]
[BlackElo "2762"]

1.e4 e5 2.Nf3 Nc6 3.Bc4 Nf6 4.d3 h6 5.c3 d6 6.a4 g5 7.O-O Bg7 8.h3 g4 9.hxg4 Bxg4
10.Nbd2 Qd7 11.a5 a6 12.b4 Ne7 13.Qb3 Ng6 14.Nh2 Be6 15.b5 Bxc4 16.dxc4 h5
17.Re1 Bh6 18.bxa6 bxa6 19.Ndf3 Bxc1 20.Raxc1 Nf4 21.Kh1 Rg8 22.Rg1 Nxe4
23.Qc2 Nd3 24.Rgf1 Qf5 25.Rcd1 Nf4 26.g3 Nxg3+ 27.fxg3 Qxc2  0-1

[Event "FIDE World Bl Team Pool C"]
[Site "Almaty KAZ"]
[Date "2024.08.05"]
[Round "6.2"]
[White "Wei Yi"]
[Black "Nukin,A"]
[Result "1-0"]
[WhiteElo "2762"]
[BlackElo "2268"]

1.d4 f5 2.c4 Nf6 3.Nc3 e6 4.Nf3 d5 5.Bf4 c6 6.e3 Be7 7.Bd3 O-O 8.O-O Nbd7
9.cxd5 cxd5 10.Nb5 Nh5 11.Bc7 Qe8 12.Nd6 Bxd6 13.Bxd6 Rf6 14.Rc1 Rh6 15.Bb5 Nhf6
16.Qa4 Qf7 17.Ne5 Nxe5 18.dxe5 Nd7 19.Rc7 Qh5 20.h3 Rg6 21.Rfc1 Nb6 22.Be8 Nxa4
23.Bf7+ Kh8 24.Rxc8+  1-0

[Event "FIDE World Bl Team Pool C"]
[Site "Almaty KAZ"]
[Date "2024.08.05"]
[Round "7.2"]
[White "Ishmukhametov,A"]
[Black "Wei Yi"]
[Result "0-1"]
[WhiteElo "1978"]
[BlackElo "2762"]

1.e4 d6 2.d4 Nf6 3.Nc3 Nbd7 4.Nf3 e5 5.dxe5 dxe5 6.Bc4 Bd6 7.O-O O-O 8.Bg5 h6
9.Bh4 Nb6 10.Bb3 c6 11.a4 a5 12.Qd2 Qe7 13.Rad1 Bb4 14.Qe3 Nbd7 15.Ne2 Nc5
16.Ng3 Nxb3 17.Qxb3 g5 18.Nxg5 hxg5 19.Bxg5 Qe6 20.Qf3 Nh7 21.Be3 Qg4 22.c3 Qxf3
23.gxf3 Be7 24.f4 Bh3 25.Rfe1 exf4 26.Bxf4 Rad8 27.Bc7 Rxd1 28.Rxd1 Ng5 29.f4 Bc5+
30.Kh1 Bg4 31.fxg5 Bf3+  0-1

[Event "45th Olympiad 2024"]
[Site "Budapest HUN"]
[Date "2024.09.11"]
[Round "1.4"]
[White "Dominguez,JM"]
[Black "Wei Yi"]
[Result "0-1"]
[WhiteElo "2195"]
[BlackElo "2762"]

1.e4 c5 2.Nf3 Nc6 3.Be2 Nf6 4.d3 g6 5.O-O Bg7 6.Re1 d5 7.Nbd2 O-O 8.Bf1 e5
9.c3 Qc7 10.a3 a5 11.a4 h6 12.exd5 Nxd5 13.Nc4 b6 14.Qb3 Be6 15.Bd2 Rfe8
16.h3 Rad8 17.Rad1 f5 18.Bc1 Bf7 19.Qc2 g5 20.Nfd2 Bh5 21.Be2 Bg6 22.Nf1 Kh7
23.Nfe3 Nce7 24.Qb3 Nxe3 25.fxe3 Nc8 26.e4 f4 27.Bg4 Rf8 28.Rf1 Rf6 29.h4 gxh4
30.Qc2 Qe7 31.Qe2 Rc6 32.Rf3 Nd6 33.b3 h5 34.Bh3 Nf7 35.Rff1 Nh6 36.Kh1 Rf8
37.Nd2 Bf7 38.Nc4 Ng4 39.Bxg4 hxg4 40.Qxg4 Rh6 41.Qh3 Be6 42.Qh2 h3 43.g3 fxg3
44.Qxg3 Rg6 45.Qe1 Bg4 46.Rxf8 Qxf8  0-1

[Event "45th Olympiad 2024"]
[Site "Budapest HUN"]
[Date "2024.09.13"]
[Round "3.4"]
[White "Wei Yi"]
[Black "Demchenko,A"]
[Result "1-0"]
[WhiteElo "2762"]
[BlackElo "2597"]

1.e4 e5 2.Nf3 Nc6 3.Bc4 Nf6 4.d3 Bc5 5.a4 d6 6.c3 a6 7.Bg5 h6 8.Bh4 Ba7 9.Nbd2 Ne7
10.Bxf6 gxf6 11.d4 Ng6 12.Nf1 Be6 13.Qb3 Bxc4 14.Qxc4 exd4 15.cxd4 Qd7 16.Ne3 Qc6
17.Rc1 Qxc4 18.Rxc4 c6 19.Kd2 h5 20.Rhc1 Kd7 21.g3 Ne7 22.a5 Rab8 23.R1c2 Ke6
24.Nh4 Rhd8 25.Nhg2 Kd7 26.Ra4 Ng6 27.Nf5 Re8 28.Kd3 b5 29.axb6 Rxb6 30.b4 Reb8
31.Nge3 Rxb4 32.Rxa6 Bb6 33.Nc4 Bc7 34.h4 R4b5 35.Ra7 R8b7 36.Rxb7 Rxb7 37.Ng7 Rb5
38.Ra2 d5 39.exd5 Rxd5 40.Ne3 Rb5 41.Ra8 c5 42.d5 Rb2 43.f4 Rb3+ 44.Ke2 c4
45.Nxh5 Rb2+ 46.Kf3 Rb3 47.Nxf6+ Ke7 48.Ra7 Kd8 49.d6 Rxe3+ 50.Kf2  1-0

[Event "45th Olympiad 2024"]
[Site "Budapest HUN"]
[Date "2024.09.15"]
[Round "5.3"]
[White "Wei Yi"]
[Black "Anton Guijarro,D"]
[Result "1-0"]
[WhiteElo "2762"]
[BlackElo "2665"]

1.e4 c5 2.Nf3 Nc6 3.d4 cxd4 4.Nxd4 g6 5.c4 Nf6 6.Nc3 d6 7.Be2 Nxd4 8.Qxd4 Bg7
9.Be3 O-O 10.Qd2 a5 11.f3 a4 12.Rc1 Be6 13.Nd5 Nxd5 14.cxd5 Bd7 15.a3 e6
16.dxe6 Bxe6 17.Bd4 Bxd4 18.Qxd4 Qg5 19.Kf2 Rfc8 20.h4 Qh6 21.Rc3 Rxc3 22.bxc3 Rc8
23.c4 Qf4 24.g3 Qe5 25.Rd1 h5 26.f4 Qc5 27.Qxc5 Rxc5 28.Rd4 Kf8 29.Ke3 Ke7
30.Kd3 Bd7 31.Kc3 b5 32.Rd5 Rc8 33.e5 dxe5 34.Rxe5+ Kd6 35.Rd5+ Ke7 36.c5 Be6
37.Re5 f6 38.Re3 Rxc5+ 39.Kb4 Rc1 40.Bxb5 Rb1+ 41.Kxa4 Kd6 42.Ka5 Bf5 43.a4 Kc5
44.Rc3+ Kd4 45.Rc4+ Kd5 46.Rc6 Rg1 47.Kb6 Rxg3 48.a5 Rb3 49.Rc5+ Kd6 50.a6 Be4
51.a7 Rb2 52.Rc8 Bh1 53.Rc3 Ba8 54.Rg3 Ke6 55.Rxg6 Kf5 56.Rh6 Kxf4 57.Rxh5 f5
58.Rh8 Bh1 59.Rg8 Ke5 60.h5 f4 61.h6 Rh2 62.Rg6 Ba8 63.Bc6 f3 64.Bxa8 f2
65.Bg2 Rxg2 66.Rxg2 f1=Q 67.a8=Q Qb1+ 68.Ka7 Qa1+ 69.Kb8  1-0

[Event "45th Olympiad 2024"]
[Site "Budapest HUN"]
[Date "2024.09.19"]
[Round "8.5"]
[White "Wei Yi"]
[Black "Deac,Bogdan-Daniel"]
[Result "1/2-1/2"]
[WhiteElo "2762"]
[BlackElo "2680"]

1.e4 e5 2.Nf3 Nc6 3.Bc4 Bc5 4.c3 Nf6 5.d3 d6 6.Bg5 h6 7.Bh4 a6 8.Nbd2 Qe7
9.b4 Ba7 10.O-O g5 11.Bg3 Nd7 12.a4 Nf8 13.Kh1 Ng6 14.b5 Na5 15.Ba2 h5 16.h3 g4
17.Ng1 Be6 18.Bh2 Bxa2 19.Rxa2 Qe6 20.Rb2 Bb6 21.Qe2 Rg8 22.bxa6 bxa6 23.Rfb1 Qf6
24.hxg4 hxg4 25.Qxg4 Ke7 26.Qf3 Qh8 27.g3 Qh6 28.Qf5 Rh8 29.Ndf3 f6 30.d4 Qh5
31.Ne2 Rag8 32.Qxh5 Rxh5 33.Kg2 Kd7 34.Nd2 exd4 35.cxd4 Nc6 36.Nf3 Nh4+ 37.Nxh4 Rxh4
38.f3 Bxd4 39.Nxd4 Nxd4 40.Bg1 Ne6 41.Be3 Rh7 42.Rb8 Rxb8 43.Rxb8 Rh5 44.Rb4 Ra5
45.Rc4 d5 46.exd5 Rxd5 47.Kf2 f5 48.Rh4 Ke7 49.Ke2 Kf7 50.Rb4 Ke7 51.Rc4 Kd7
52.Rh4 Ke7 53.Rh5 Kf7 54.Kf2 Kg6 55.Rh4 Kf7 56.Bc1 Rc5 57.Bd2 Rd5 58.Bc3 Rd3
59.Rc4 Ng5 60.Rxc7+ Ke6 61.Ke2 Rxf3 62.Be1 Ra3 63.Rc6+ Kd5 64.Rxa6 Ne4 65.a5 Nxg3+
66.Bxg3 Rxg3 67.Rb6 Ra3 68.a6 Kc5 69.Rf6 Kb5 70.Rxf5+ Kxa6 71.Rf3 Rxf3 72.Kxf3  1/2-1/2

[Event "45th Olympiad 2024"]
[Site "Budapest HUN"]
[Date "2024.09.20"]
[Round "9.3"]
[White "Tabatabaei,M"]
[Black "Wei Yi"]
[Result "0-1"]
[WhiteElo "2714"]
[BlackElo "2762"]

1.e4 c5 2.Nf3 d6 3.d4 cxd4 4.Nxd4 Nf6 5.Bc4 e6 6.Bd3 g6 7.O-O Bg7 8.c4 O-O
9.Nc3 d5 10.e5 dxc4 11.Bxc4 Nd5 12.f4 Nc6 13.Nxc6 bxc6 14.Qe2 f6 15.exf6 Qxf6
16.Kh1 Bd7 17.Be3 Qd8 18.Na4 Rb8 19.Rad1 Qc7 20.Bb3 Rbe8 21.Qd2 Bc8 22.Bc5 Rf5
23.Bc2 Rh5 24.Be4 Ba6 25.Rf3 Bb5 26.Bc2 g5 27.Bg1 gxf4 28.Nc5 Ne3 29.Rxe3 fxe3
30.Qxe3 Qe5 31.Be4 Bc4 32.Nd3 Qf6 33.Bxc6 Rd8 34.b3 Bd5 35.Nf4 Re5 36.Nxd5 Rdxd5
37.Qc1 Bh6 38.Qa1 Rxd1 39.Qxd1 Be3 40.Bf3 Bxg1 41.Kxg1 Qg5 42.g3 Rc5 43.Kg2 Qf5
44.Qd8+ Kf7 45.Qd7+ Kg6 46.h4 Rc2+ 47.Kg1 Qxf3 48.h5+ Kf6 49.Qd8+ Kf5 50.Qf8+ Kg4
51.Qb4+ Kxg3 52.Qd6+ Kh3  0-1

[Event "45th Olympiad 2024"]
[Site "Budapest HUN"]
[Date "2024.09.21"]
[Round "10.3"]
[White "Wei Yi"]
[Black "Yakubboev,Nodirbek"]
[Result "1-0"]
[WhiteElo "2762"]
[BlackElo "2666"]

1.d4 Nf6 2.c4 e6 3.Nc3 Bb4 4.e3 O-O 5.Ne2 Re8 6.a3 Bf8 7.e4 d5 8.e5 Nfd7
9.h4 c5 10.Bg5 f6 11.exf6 gxf6 12.Bd2 Nc6 13.dxc5 Nxc5 14.Be3 dxc4 15.Nf4 Ne5
16.Rh3 b6 17.Rg3+ Kh8 18.Qh5 Ba6 19.Rd1 Qc7 20.b4 Ncd3+ 21.Bxd3 cxd3 22.Ne4 Bg7
23.Kf1 Qd7 24.Kg1 Rad8 25.Bc1 Qd4 26.Rxg7 Kxg7 27.Nxf6 Kxf6 28.Qxh7 Nf3+
29.gxf3 Rg8+ 30.Kh1 e5 31.Qh6+ Ke7 32.Qe6+ Kf8 33.Re1 Bb7 34.Qf6+ Ke8 35.Rxe5+ Kd7
36.Qf5+ Kd6 37.Qf6+ Kd7 38.Rd5+ Qxd5 39.Nxd5 Bxd5 40.Qf5+ Kc6 41.Qxd3 Rgf8
42.Kh2 Rxf3 43.b5+ Kb7 44.Qd4 Rd7 45.Be3 Be6 46.Qe5 Bd5 47.h5 Rf8 48.h6 Bf3
49.Kg3 Ka8 50.Bg5 Bb7 51.f4 Rdf7 52.Kh4 a5 53.Kh5 Bc8 54.Qd6 Ka7 55.Bd8 Rf5+
56.Kg6 R5f7 57.Qxb6+ Ka8 58.Bc7 Bf5+ 59.Kh5 Rf6 60.Bd6  1-0

[Event "45th Olympiad 2024"]
[Site "Budapest HUN"]
[Date "2024.09.22"]
[Round "11.3"]
[White "So,W"]
[Black "Wei Yi"]
[Result "1-0"]
[WhiteElo "2752"]
[BlackElo "2762"]

1.e4 c5 2.Nf3 d6 3.Bb5+ Nd7 4.a4 Nf6 5.Nc3 g6 6.d4 cxd4 7.Nxd4 Bg7 8.O-O O-O
9.Re1 Nc5 10.f3 a6 11.Bc4 Qc7 12.Bf1 e5 13.Nb3 Be6 14.Be3 b6 15.Re2 Rfd8
16.Rd2 Rd7 17.Nxc5 dxc5 18.Rxd7 Qxd7 19.Qxd7 Nxd7 20.Rd1 Bf6 21.Rd6 Be7 22.Rc6 Kf8
23.Nd5 Bd8 24.Bc4 Ke8 25.Kf2 Ra7 26.Rc8 Nf8 27.Rb8 Nd7 28.Rc8 Nf8 29.Nxb6 Bxc8
30.Nxc8 Ra8 31.Nd6+ Kd7 32.Nxf7 Bf6 33.Bxc5 Ne6 34.Ba3 Rc8 35.b3 Nd4 36.Bb2 a5
37.Bxd4 exd4 38.e5 Be7 39.f4 Kc6 40.Kf3 Kc5 41.Ke4  1-0

[Event "Titled Tue 1st Oct Late"]
[Site "chess.com INT"]
[Date "2024.10.01"]
[Round "1"]
[White "Obrien,Matthew"]
[Black "Wei Yi"]
[Result "0-1"]
[WhiteElo "2106"]
[BlackElo "2762"]

1.e4 c6 2.d4 d5 3.e5 c5 4.dxc5 e6 5.Qh5 g6 6.Qg4 h5 7.Qg3 h4 8.Qg4 Nh6 9.Qh3 g5
10.Bb5+ Bd7 11.Bxd7+ Nxd7 12.Qe3 Nf5 13.Qxg5 Qc7 14.Nf3 Nxe5 15.Nbd2 Bh6
16.Qf6 Bg7 17.Qg5 f6 18.Qe3 Nxe3  0-1

[Event "Titled Tue 1st Oct Late"]
[Site "chess.com INT"]
[Date "2024.10.01"]
[Round "2"]
[White "Wei Yi"]
[Black "Sydoryka,Vladyslav"]
[Result "1-0"]
[WhiteElo "2762"]
[BlackElo "2295"]

1.d4 Nf6 2.c4 e6 3.g3 d5 4.Bg2 Be7 5.Nf3 O-O 6.Qc2 dxc4 7.Qxc4 a6 8.Bf4 Bd6
9.Qc2 b5 10.Ne5 Nd5 11.Nc3 Bb7 12.Nxd5 Bxd5 13.e4 Bb7 14.O-O Nd7 15.Rfd1 Qe8
16.Rac1 Rc8 17.Nc6 Bxf4 18.gxf4 Bxc6 19.Qxc6 Nb8 20.Qb7 Qe7 21.d5 exd5 22.e5 Rfd8
23.Bh3 Nd7 24.Rxc7 Rxc7 25.Qxc7 Qe8 26.Rxd5 f5 27.Bxf5 Qf7 28.Qxd8+  1-0

[Event "Titled Tue 1st Oct Late"]
[Site "chess.com INT"]
[Date "2024.10.01"]
[Round "3"]
[White "Hambleton,A"]
[Black "Wei Yi"]
[Result "0-1"]
[WhiteElo "2420"]
[BlackElo "2762"]

1.d4 Nf6 2.Bf4 b6 3.e3 Bb7 4.h3 g6 5.Nf3 Bg7 6.a4 a5 7.c3 O-O 8.Nbd2 d6 9.Bb5 Nbd7
10.O-O Ne4 11.Nxe4 Bxe4 12.Re1 Nf6 13.Nd2 Bb7 14.e4 e5 15.dxe5 Nh5 16.Be3 Bxe5
17.Nf3 Bf4 18.Bxf4 Nxf4 19.Re3 Ne6 20.e5 d5 21.Nd4 Qg5 22.Qg4 Qxg4 23.hxg4 c5
24.Nxe6 fxe6 25.f3 Kg7 26.Rd1 Rh8 27.Kf2 h5 28.gxh5 Rxh5 29.Ree1 Rah8 30.Kg3 Rg5+
31.Kf2 Rh2 32.Rg1 Rxe5 33.f4 Rf5 34.Kg3 Rh8 35.Bd3 Rf6 36.Rde1 Rhf8 37.Rgf1 c4
38.Bc2 g5 39.f5 Bc8 40.Re5 exf5 41.Rxd5 f4+ 42.Kf2 Bb7 43.Rxg5+ Kf7 44.Rd1 Bc6
45.Rd4 f3 46.g3 Rh8 47.Be4 Rh2+ 48.Ke3 Re2+  0-1

[Event "Titled Tue 1st Oct Late"]
[Site "chess.com INT"]
[Date "2024.10.01"]
[Round "4"]
[White "Wei Yi"]
[Black "Kamsky,G"]
[Result "1-0"]
[WhiteElo "2762"]
[BlackElo "2609"]

1.Nf3 Nf6 2.c4 c6 3.Nc3 d5 4.e3 g6 5.d4 Bg7 6.Be2 O-O 7.O-O Qb6 8.b3 Bg4
9.a4 a5 10.Ba3 Re8 11.cxd5 cxd5 12.Bb5 Nc6 13.h3 Bxf3 14.Qxf3 e6 15.Rfc1 Rec8
16.Ne2 Ne4 17.Nf4 Nxd4 18.exd4 Bxd4 19.Nd3 Bxa1 20.Rxa1 Rc2 21.Qf4 Qd4 22.Rf1 Rac8
23.Bd7 Rd8 24.Be7 g5 25.Qh2 Ra8 26.Bb5 Rac8 27.Ba3 Rd2 28.h4 Rxd3 29.Bxd3 Qxd3
30.Bb2 g4 31.Qe5 Nc3 32.Re1 d4 33.Qxa5 Nd5 34.Kh2 h5 35.Qa7 Qd2 36.Qxd4 Qxd4
37.Bxd4 Rc2 38.Re5 Nf4 39.Rg5+ Kf8 40.g3 Nd3 41.Rxh5 Nxf2 42.Rc5 Rxc5 43.Bxc5+  1-0